<The> Use of Multicriteria Analysis to the Selection of the Holiday Destinations

Gespeichert in:
Bibliographische Detailangaben
1. Verfasser: Coroničová Hurajová, Jana, 1986-
Format: Buchkapitel
Sprache:Englisch
Schlagworte:
Tags: Tag hinzufügen
Keine Tags, Fügen Sie das erste Tag hinzu!

MARC

LEADER 00000naa$a2200000$$$4500
001 0269193
005 20240502074221.1
041 0 |a eng 
044 |a SK 
245 1 0 |a <The> Use of Multicriteria Analysis to the Selection of the Holiday Destinations  |c Jana Coroničová Hurajová 
500 |a abstrakt 
610 2 0 |a analýzy 
610 2 0 |a dovolenka 
610 2 0 |a kancelárie cestovné 
610 2 0 |a ruch cestovný 
100 1 |a Coroničová Hurajová, Jana, 1986-